Tableau des médailles olympiques - Rome 1960 - Statistiques

Statistiques générales
  • Ce quiz a été pris 13 fois
  • Le résultat moyen est 8 sur 10
Statistiques - réponses
Or Argent Bronze Total Pays % Correct
34 21 16 71 États-Unis
100%
13 10 13 36 Italie
100%
43 29 31 103 Union soviétique
100%
12 19 11 42 Équipe unifiée d'Allemagne
92%
2 6 12 20 Grande-Bretagne
92%
4 7 7 18 Japon
92%
8 8 6 22 Australie
85%
6 8 7 21 Hongrie
69%
4 6 11 21 Pologne
54%
3 1 6 10 Roumanie
38%
Aucun quiz correspondant
Distribution des résultats
% des personnes avec chaque résultat
Percentile par nombre de réponses
Votre historique - résultats
Vous n’avez pas pris ce quiz